000 00633nam a2200229 i 4500
001 146982
003 ES-MaACL
005 20250901080433.0
007 t|
008 070920s1956 sp ||||1| spa d
080 _a621.396.62.004.67
100 1 _aDarkness, R. J.
_942731
245 1 0 _aAverías clasificadas /
_cR.J. Darkness (seud.).
250 _a[1ª ed.].
260 _aBarcelona :
_bBruguera,
_c1956.
300 _a214 p. ;
_c19 cm.
490 1 _aTécnica al día
650 4 _aRadio-
_xReparación
_916665
830 0 _aTécnica al día
_9187437
852 _aES-MaACL
_jC-12081
_bR.40081
999 _c146982
_d146982